• 首页
  • 本馆介绍
  • 公告通知
  • 最新文献
  • 馆藏检索
  • 电子资源
  • 读者导购
  • 参考咨询
  • 我的图书馆
  • 登录
  • 详细信息显示
  • 放入我的书架
  • 预约/预借图书
  • 作者相关作品
  • 分类相关作品
  • 丛书相关作品
  • 出版社相关作品

书目信息

  • 表格格式
  • 工作单格式
  • 卡片格式
题名:
先秦两汉人性论与教育思想研究
    
 
作者: 廖其发 著
分册:  
出版信息: 重庆   重庆出版社  1999.12
页数: 398页
开本: 32开
丛书名:
单 册:
中图分类: B82-061
科图分类:
主题词: 人性论--研究--中国--秦汉时期 , 教育思想--研究--中国--秦汉时代
电子资源:
ISBN: 7-5366-4827-8
000 00648nam0 2200205 45
001 0210220991
005 20031219104058.9
010    @a7-5366-4827-8@dCNY20.00
100    @a20021022d1999 km y0chiy0120 ea
101 0  @achi
105    @a z 000yy
200 1  @a先秦两汉人性论与教育思想研究@AXian Qin Liang Han Ren Xing Lun Yu Jiao Yu Si Xiang Yan Jiu@f廖其发著@FLiao Qi Fa Zhu
210    @a重庆@c重庆出版社@d1999.12
215    @a398页@d32开
606 0  @a人性论@x研究@y中国@z秦汉时期
606 0  @a教育思想@x研究@y中国@z秦汉时代
690    @aB82-061@v4
701    @a廖其发@4著
801    @aCN@bTSTC@c20021022
905    @b315984-986@dB82-061@e131@f3
    
    先秦两汉人性论与教育思想研究/廖其发著.-重庆:重庆出版社,1999.12
    398页;32开
    
    
    ISBN 7-5366-4827-8:CNY20.00
    
●
相关链接 在E读中查询图书 在五车中查询图书 在当当中查询图书 在豆瓣中查询图书


正题名:先秦两汉人性论与教育思想研究     索取号:B82-061/131         预约/预借

序号 登录号 条形码 馆藏地/架位号 状态 备注
1 0315984   203159848   第一借阅区/ [索取号:B82-061/131] 在馆    
2 0315985   203159857   第一借阅区/ [索取号:B82-061/131] 在馆    
3 0315986   203159866   第一样本阅览室/ [索取号:B82-061/131] 在馆    
唐山师范学院图书馆 欢迎您!
大连网信软件有限公司© 版权所有